AH International Schools' Libraries

(Khmer) Silence part 3 / (Record no. 49188)

MARC details
000 -LEADER
fixed length control field 00312nam a2200109 4500
020 ## - INTERNATIONAL STANDARD BOOK NUMBER
International Standard Book Number 9789924342137
245 ## - TITLE STATEMENT
Title (Khmer) Silence part 3 /
Statement of responsibility, etc Yoann Vorniere. Translated by Ouch Sodani.
260 ## - PUBLICATION, DISTRIBUTION, ETC. (IMPRINT)
Place of publication, distribution, etc Cambodia:
Name of publisher, distributor, etc Sipar;
Date of publication, distribution, etc 2024.
300 ## - PHYSICAL DESCRIPTION
Extent unpaged.
Other physical details ill.
Dimensions 17 cm.
650 ## - SUBJECT ADDED ENTRY--TOPICAL TERM
Topical term or geographic name as entry element Manga.
9 (RLIN) 86266
942 ## - ADDED ENTRY ELEMENTS (KOHA)
Source of classification or shelving scheme
Koha item type KHMER GRAPHICS
Holdings
Withdrawn status Lost status Source of classification or shelving scheme Damaged status Not for loan Collection code Home library Current library Shelving location Date acquired Total Checkouts Full call number Barcode Date last seen Date checked out Price effective from Koha item type
          SECONDARY Asian Hope Secondary Library Asian Hope Secondary Library SECONDARY 08/08/2025 5 KHMER J GRAPHIX VOR BK. 3 208743 02/26/2026 02/05/2026 08/08/2025 KHMER GRAPHICS
          SECONDARY Asian Hope Secondary Library Asian Hope Secondary Library SECONDARY 08/08/2025 4 KHMER J GRAPHIX VOR BK. 3 208746 04/30/2026 04/23/2026 08/08/2025 KHMER GRAPHICS

For any Logos Library related questions please contact Miss Art at swongnarasuk@asianhope.org.

For any Asian Hope Library related questions please contact Miss Raza at graza@asianhope.org.

Powered by Koha